Einzelne probleme der rechtsgeschichte und des römische rechts
Uloženo v:
| Korporativní autor: | |
|---|---|
| Médium: | Kniha |
| Jazyk: | němčina |
| Vydáno: |
s.l
Universitatis Szegediensis de Attila József
1970
|
| Edice: | Acta juridica et politica
|
| Témata: | |
| Tagy: |
Přidat tag
Žádné tagy, Buďte první, kdo vytvoří štítek k tomuto záznamu!
|
MARC
| LEADER | 00000nam a2200000 a 4500 | ||
|---|---|---|---|
| 001 | UCS7855 | ||
| 003 | CL-VaPUC | ||
| 005 | 20220315074414.0 | ||
| 008 | 971024e197000000 1 ger d | ||
| 082 | 0 | 4 | |a 340.09 |b UNI |2 21 |
| 110 | 2 | |a Universitatis Szegediensis de Attika József Nominatae |e author |9 618582 | |
| 245 | 1 | 0 | |a Einzelne probleme der rechtsgeschichte und des römische rechts |
| 260 | |a s.l |b Universitatis Szegediensis de Attila József |c 1970 | ||
| 300 | |a 346 p | ||
| 490 | 0 | |a Acta juridica et politica | |
| 583 | |a last modification |c 20171220 05:24:29 |k Rodrigo Vera | ||
| 650 | 0 | 0 | |a Historia del derecho |9 255109 |
| 650 | 0 | 0 | |a Derecho romano |9 255930 |
| 650 | 0 | 0 | |a Congresos |9 257560 |
| 942 | |c BK | ||
| 945 | |a aolguin |d 19971024 00:00:00 | ||
| 546 | |a En Alemán | ||
| 518 | |p Referate der Internationalen Arbeitskonferenz für Rechtsgeschichte und Römisches Recht, Szeged, 18-20 de septiembre | ||
| 999 | |c 383028 |d 383026 | ||
| 952 | |0 0 |1 0 |4 0 |6 340_090000000000000_UNI_1970 |7 0 |8 DER_HIS |9 505012 |a BIBDER |b BIBDER |d 2020-01-23 |i 1889451 |o 340.09 UNI 1970 |p 1889451 |r 2023-01-25 |w 2020-01-23 |x Ubicación 4to Piso |y BK |z Estos recursos deben solicitarse con anticipación |k DER | ||